000 00711nam a2200265Ia 4500
001 Para_6093
003 CHAP
008 220125s1978 xx 000 0 und d
010 _a204873
040 _cCHAP
082 _aPA 589.2 G89
100 _aGúzman, Gaston
_952040
245 _aHongos :
_b 186 láminas a colores de los hongos más comunes en México /
_c por Gaston Gúzman
260 _aMéxico :
_b Limusa
300 _a194 p.
650 _aHongos
_956084
650 _aHongos
_x México
_9165520
901 _aPA 589.2 G89
902 _aA
905 _a0000001978 f 0000000000 00
910 _a1978
942 _cPARA
942 _cPARA
_d1
999 _c204873
_d204873